| 000 | 01794nim a2200373 i 4500 | ||
|---|---|---|---|
| 001 | 197381 | ||
| 003 | ES-MaACL | ||
| 005 | 20250828062638.0 | ||
| 007 | ss lsnjlcipnne | ||
| 008 | 220525s1991 sp nnnn |||| 00| spa d | ||
| 040 |
_bspa _cES-MaACL |
||
| 245 | 0 | 0 |
_aPresentación del libro "De la conspiración a la revolución 1929-1937" por Felipe Díaz Sandino _h[Grabación sonora] / _cpreside D. José Prat García ; presenta D. Luis Otero |
| 260 |
_aMadrid : _bAteneo de Madrid, _c1991 |
||
| 300 |
_a1 casete (ca. 90 min) : _bson. ; _c11 cm |
||
| 490 | 1 | _3Actos culturales en el Ateneo de Madrid | |
| 511 | _aPreside el acto José Prat García. Presenta Luis Otero. | ||
| 518 | _aGrabado el 11 de junio de 1991 en el Salón de Actos del Ateneo de Madrid. | ||
| 520 | _aPresentación del libro "De la conspiración a la revolución 1929-1937" por Felipe Díaz Sandino, militar y aviador español que luchó en la guerra civil española. Acto patrocinado por Ediciones Libertarias y Prodhufi S.A. | ||
| 540 | _aDocumento inédito | ||
| 594 | _5Datos basados en la invitación. | ||
| 600 |
_aDíaz Sandino, Felipe. _tDe la conspiración a la revolución 1929-1937 _9240641 |
||
| 610 | 2 | 0 |
_aAteneo de Madrid- _xActos culturales- _y1991- _vGrabaciones sonoras _9240452 |
| 650 | 7 |
_aRevoluciones _2embne _916897 |
|
| 653 | _aArchivo de la palabra | ||
| 700 | 1 |
_993665 _aPrat, José, _epres _d1905-1994 |
|
| 700 | 1 |
_987896 _aOtero, Luis _epres |
|
| 710 | 2 |
_91875 _aAteneo de Madrid _ehis |
|
| 710 | 2 |
_aLibertarias-Prodhufi (San Lorenzo de El Escorial) _espn _95499 |
|
| 830 | 0 |
_aActos culturales en el Ateneo de Madrid _9240237 |
|
| 852 |
_aES-MaACL _cDEPOZ _9205719 |
||
| 942 |
_2udc _n0 _cCINTASAUD |
||
| 999 |
_c197381 _d197381 |
||